00689nam a22001697a 450000500170000001000130001702000260003003500110005603700160006708200100008310000260009324501500011924601010026926000490037027000770041930000230049620191115145013.0 aUR-10592 c168.00a9789389002300 aU-9147 bDBAD/PUBa- a840.8 aقد سيہ نصير  aخو ا جہ ا حمد عبا س کی ا فسا نہ نگا ر ی (گيہو ں ا ور گلا ب کی ر و شنی ميں)cقد سيہ نصير  bKhawaja Ahmed Abbas Ki Afsana Nigari(GehunAur Gulab Ki Roshni Mein) (Urdu)aby Dr. Qudsia Naseer aDelhibEducational Publishing Housec2019 ء a3191,Vakil Street, Kucha Pandit,Lal Kuan,bDelhie110006k01123216162l- a272 ص c22 Cm(Hb)